Music Quiz

Random Music or Album Quiz

Pond Songs Quiz Stats

Quiz not verified by Sporcle

Challenge
Share
Tweet
Embed
Score 0/53 Timer 15:00
0 Plays Today
Album Song Title % Correct
FrondBetty Davis (Will Come Down from the Heavens to Save Us)
100%
FrondCloud City
100%
FrondMother Nigeria
100%
Beard, Wives, DenimElegant Design
100%
Beard, Wives, DenimAllergies
100%
Beard, Wives, DenimMoth Wings
100%
Beard, Wives, DenimLeisure Pony
100%
Beard, Wives, DenimEye Pattern Blindness
100%
Beard, Wives, DenimMoreno's Blend
100%
Hobo RocketO Dharma
100%
Hobo RocketGiant Tortoise
100%
Hobo RocketHobo Rocket
100%
Man It Feels Like Space AgainElvis' Flaming Star
100%
Man It Feels Like Space AgainOutside is the Right Side
100%
Man It Feels Like Space AgainMedicine Hat
100%
Man It Feels Like Space AgainMan It Feels Like Space Again
100%
Psychedelic MangoThat is How We Came
90%
Psychedelic MangoPsychedelic Mango Vision
90%
Psychedelic MangoDon't Look at the Sun or You'll Go Blind
90%
Psychedelic MangoMick Manmoose
90%
Psychedelic MangoPaisley Adams
90%
Corridors of BlissterdayCorridors of Blissterday
90%
Corridors of BlissterdayCaterpillar Mansion
90%
FrondTorn Asunder
90%
FrondDuck and Clover
90%
FrondSunlight Cardigan
90%
FrondAnnie Orangetree
90%
Album Song Title % Correct
FrondMussels Tonight?
90%
FrondFrond
90%
Beard, Wives, DenimFantastic Explosion of Time
90%
Beard, Wives, DenimWhen it Explodes
90%
Beard, Wives, DenimSorry I Was Under the Sky
90%
Beard, Wives, DenimSun and Sea and You
90%
Beard, Wives, DenimYou Broke My Cool
90%
Hobo RocketWhatever Happened to the Million Head Collide?
90%
Hobo RocketXanman
90%
Hobo RocketAloneaflameaflower
90%
Hobo RocketMidnight Mass (At the Market Street Payphone)
90%
Man It Feels Like Space AgainWaiting Around for Grace
90%
Man It Feels Like Space AgainZond
90%
Man It Feels Like Space AgainHeroic Shart
90%
Psychedelic MangoGringolet's Drunken Baggage
80%
Psychedelic MangoSweeping My Mind Tunnel
80%
Psychedelic MangoBees
80%
Corridors of BlissterdaySweet Loretta
80%
Corridors of BlissterdayMist in My Brainforest
80%
Corridors of BlissterdayLightning Hip
80%
Corridors of BlissterdayAscending
80%
FrondThe Place Behind a Duck
80%
Beard, Wives, DenimMystery
80%
Beard, Wives, DenimDig Brother
80%
Man It Feels Like Space AgainHolding Out for You
80%
Man It Feels Like Space AgainSitting Up on Our Crane
80%

You're not logged in!

Compare scores with friends on all Sporcle quizzes.
Sign Up with Email
OR
Log In

You Might Also Like...

Show Comments

Extras

Top Quizzes Today


Score Distribution

Your Account Isn't Verified!

In order to create a playlist on Sporcle, you need to verify the email address you used during registration. Go to your Sporcle Settings to finish the process.